| 000 | 00791nam a22002177a 4500 | ||
|---|---|---|---|
| 008 | 090209t xxu||||| |||| 00| 0 eng d | ||
| 010 | _aENG-92913 | ||
| 020 |
_c70.00 _a9788184720617 |
||
| 035 | _aEN-76446 | ||
| 037 | _bDBAD / PUB | ||
| 040 |
_adpl _bEnglish |
||
| 082 | _a338.04 | ||
| 100 | _aJeyakumari, J.J. | ||
| 245 |
_aEntrepreneurial development / _cby J.J. Jeyakumari |
||
| 260 |
_aKumbakonam _bAnuradha Publications _c2008 |
||
| 270 |
_aVidayal Karuppur, _bKumbakonam _e612605 |
||
| 300 |
_a141p. _c22cm (pbk) |
||
| 650 | _aEntrepreneurship. | ||
| 942 |
_2ddc _cEN _mJEY _h338.04 |
||
| 999 |
_c23269 _d23269 |
||